1326 1222 1082 1821 1079 1997 1779 1085 1421 1814 1792 1079 1243 1489 1933 1520 1402 1284 1088 1613 1732 1341 1100 1835 1135 1863 1447 1235 1467 1157 1659 1659 1419 1545 1047 1674 1768 1290 1441 1390 1773 1503 1196 1910 1464 1063 1744 1182 1665 1670 1886 1492 1359 1521 1908 1376 1165 1901 1619 1024 1877 1205 1810 1783 1115 1186 1798 1653 1461 1957 1086 1050 1212 1614 1760 1914 1727 1256 1506 1009 1492 1622 1875 1445 1449 1705 1735 1788 1706 1779 1039 1102 1811 1302 1397 1939 1508 1177 1835 BCNSPRNW ULIB Ver.6.0+V

เปลี่ยนเป็นภาษาไทย

Change to English
 แสดงรายละเอียดบรรณานุกรม
  กลับหน้าหลัก

Brief Record : Get Marc (ISO 2709) : E-mail record : QR code < ปิดหน้าต่าง
LEADER : 00000nam 2200000uu 4500
001    13399113531
003     ULIB
008    111124s2551||||th 000 0 tha d
020    ^a9789740417378
090    ^aนว.^bย111ค 2551
100 0  ^aYayoi
245 00 ^aฝากฟ้าเคียงดิน/^cYayoi
250    ^aพิมพ์ครั้งที่ 2
260    ^aกรุงเทพฯ :^bแจ่มใส
300    ^a303 หน้า
710 1  ^aแจ่มใส
945    ^p209^l0^i15027
995    ^aกัณชพร
999    ^aใช้งานได้ทุกระบบ
รายการนี้ยังไม่มีแท็ก
คุณยังไม่ได้ล็อกอิน คุณสามารถมีกิจกรรมร่วมกับเว็บไซต์ได้ แต่ต้องล็อกอินก่อน ::
  ล็อกอิน

รายการสื่อสารสนเทศ

ลำดับที่ ประเภท เลขเรียก/บาร์โค้ด สถานที่ สถานะ
1. วิทยาศาสตร์การแพทย์ และสุขภาพ
วิทยาศาสตร์การแพทย์ และสุขภาพ
นว. ย111ค 2551  
  Barcode: 15027
ห้องสมุดวิทยาเขตสวรรค์ประชารักษ์
►นวนิยาย
บนชั้น
  ขอยืม

รายการใกล้เคียง
    ผู้แต่ง [Yayoi]

BibComment


ยังไม่เคยถูกคอมเมนท์

คอมเมนท์ทรัพยากรรายการนี้
  คอมเมนท์: ฝากฟ้าเคียงดิน Y..


 Copyright 2026. Bcnsprnw @Library